000 00405nam a22001337a 4500
020 _a978 93 89570 12 0
082 _a811.214.21
_bNIR
100 _aKRISHNA, K.B.
245 _aMufth mein salah dene waali dadi (Hindi)
260 _aHyderabad
_bGeeta pusthak kendra
_c2020
300 _a80p.
500 _aCollection of short stories. Translated from Telugu to Hindi by Smt. Paarnandi Nirmala
942 _cBK
999 _c74970
_d74970